[Event "CZE-ch U10 Girls"]
[Site "Kouty nad Desnou"]
[Date "2009.03.14"]
[Round "9"]
[White "Petrikova, Katerina"]
[Black "Rosenbaumova, Lea"]
[Result "1-0"]
[WhiteElo "1100"]
[BlackElo "1000"]
[PlyCount "53"]
[EventDate "2009.03.07"]
[EventType "swiss"]
[EventRounds "9"]
[EventCountry "CZE"]
[SourceTitle "EXT 2011"]
[Source "ChessBase"]
[SourceDate "2010.11.26"]
[SourceVersion "1"]
[SourceVersionDate "2010.11.26"]
[SourceQuality "1"]

1. e4 e5 2. Nf3 Nc6 3. d4 d5 4. exd5 exd4 5. dxc6 Bb4+ 6. Bd2 Qe7+ 7. Be2 Bg4 8. Nxd4 Qxe2+ 9. Nxe2 Bxe2 10. Qxe2+ Ne7 11. Bxb4 0-0 12. Bxe7 Rfe8 13. Nc3 Rac8 14. 0-0-0 b6 15. Nd5 b5 16. Qxb5 Rb8 17. Qc5 h6 18. Rhe1 Kh7 19. Nxc7 Rbc8 20. Nxe8 Rxe8 21. Qf5+ Kg8 22. Bb4 Rf8 23. Bxf8 Kxf8 24. Qe5 Kg8 25. Qe8+ Kh7 26. Qe4+ Kh8 27. Rd8# 1-0

[Event "CZE-ch U10 Girls"]
[Site "Kouty nad Desnou"]
[Date "2009.03.13"]
[Round "8"]
[White "Hofmanova, Vilma"]
[Black "Petrikova, Katerina"]
[Result "1-0"]
[WhiteElo "1250"]
[BlackElo "1100"]
[PlyCount "53"]
[EventDate "2009.03.07"]
[EventType "swiss"]
[EventRounds "9"]
[EventCountry "CZE"]
[SourceTitle "EXT 2011"]
[Source "ChessBase"]
[SourceDate "2010.11.26"]
[SourceVersion "1"]
[SourceVersionDate "2010.11.26"]
[SourceQuality "1"]

1. e4 e5 2. Nf3 Nc6 3. d4 exd4 4. Nxd4 Bc5 5. Be3 Qf6 6. c3 Nge7 7. Bc4 0-0 8. 0-0 d6 9. Nxc6 Bxe3 10. Nxe7+ Qxe7 11. fxe3 Be6 12. Bxe6 Qxe6 13. Nd2 Rad8 14. Rf3 Rfe8 15. c4 d5 16. cxd5 Qg4 17. Rf4 Qg5 18. Rc1 Rd6 19. Rxc7 Rg6 20. Rf2 Qe5 21. Rxb7 a6 22. Rbxf7 Qxb2 23. Nb3 Qe5 24. Nc5 a5 25. Nd7 Qxe4 26. Rf8+ Rxf8 27. Rxf8# 1-0

[Event "CZE-ch U10 Girls"]
[Site "Kouty nad Desnou"]
[Date "2009.03.08"]
[Round "2"]
[White "Kalinova, Eliska"]
[Black "Petrikova, Katerina"]
[Result "0-1"]
[WhiteElo "1000"]
[BlackElo "1100"]
[PlyCount "44"]
[EventDate "2009.03.07"]
[EventType "swiss"]
[EventRounds "9"]
[EventCountry "CZE"]
[SourceTitle "EXT 2011"]
[Source "ChessBase"]
[SourceDate "2010.11.26"]
[SourceVersion "1"]
[SourceVersionDate "2010.11.26"]
[SourceQuality "1"]

1. e4 e5 2. Nf3 Nc6 3. Bc4 Nf6 4. d4 exd4 5. e5 Bb4+ 6. c3 Nxe5 7. Nxe5 Bd6 8. Nf3 0-0 9. Qd3 Re8+ 10. Kf1 Bc5 11. Ng5 Qe7 12. Bxf7+ Kf8 13. Bxe8 Qxe8 14. Nxh7+ Nxh7 15. Qxh7 Kf7 16. Qf5+ Kg8 17. Qxc5 d6 18. Qd5+ Be6 19. Qxb7 Rb8 20. Qxc7 Rc8 21. Qxd6 Bc4+ 22. Kg1 Qe1# 0-1

[Event "CZE-ch U10 Girls"]
[Site "Sec u Chrudimi"]
[Date "2008.03.10"]
[Round "4"]
[White "Petrikova, Katerina"]
[Black "Suchomelova, Simona"]
[Result "0-1"]
[WhiteElo "1000"]
[BlackElo "1100"]
[PlyCount "38"]
[EventDate "2008.03.08"]
[EventType "swiss"]
[EventRounds "9"]
[EventCountry "CZE"]
[SourceTitle "EXT 2009"]
[Source "ChessBase"]
[SourceDate "2008.11.26"]
[SourceVersion "1"]
[SourceVersionDate "2008.11.26"]
[SourceQuality "1"]

1. e4 e5 2. Nf3 Nc6 3. d4 exd4 4. c3 dxc3 5. Nxc3 Bb4 6. a3 Bxc3+ 7. bxc3 Nf6 8. Bd3 0-0 9. 0-0 d5 10. Qd2 dxe4 11. Bxe4 Nxe4 12. Qc2 Nc5 13. Rd1 Qe7 14. Bg5 f6 15. Bh4 Bg4 16. Nd2 Bxd1 17. Rxd1 Rae8 18. Nb1 Qe1+ 19. Rxe1 Rxe1# 0-1

[Event "CZE-ch U10 Girls"]
[Site "Sec u Chrudimi"]
[Date "2008.03.08"]
[Round "1"]
[White "Kubosova, Hana"]
[Black "Petrikova, Katerina"]
[Result "1-0"]
[WhiteElo "1250"]
[BlackElo "1000"]
[PlyCount "52"]
[EventDate "2008.03.08"]
[EventType "swiss"]
[EventRounds "9"]
[EventCountry "CZE"]
[SourceTitle "EXT 2009"]
[Source "ChessBase"]
[SourceDate "2008.11.26"]
[SourceVersion "1"]
[SourceVersionDate "2008.11.26"]
[SourceQuality "1"]

1. e4 e5 2. Nf3 Nc6 3. d4 exd4 4. Nxd4 Nf6 5. Nc3 Bc5 6. Be3 0-0 7. Nxc6 bxc6 8. Bxc5 Re8 9. Bd3 d6 10. Be3 Nxe4 11. Nxe4 Bf5 12. Nxd6 cxd6 13. Bxf5 g6 14. Bd3 Qa5+ 15. c3 Rad8 16. 0-0 Qe5 17. Bxa7 Kh8 18. Bd4 Qg7 19. Bxg7+ Kxg7 20. Qf3 Rc8 21. Rfe1 Rf8 22. a4 c5 23. Re7 Rce8 24. Rae1 Rd8 25. R1e6 Rc8 26. Rf6 h5 1-0